| 000 | 00563nam a22001937a 4500 | ||
|---|---|---|---|
| 005 | 20251021153907.0 | ||
| 008 | 251021b |||||||| |||| 00| 0 eng d | ||
| 037 | _cREF | ||
| 040 |
_aCRL _cCRL |
||
| 041 |
_2ENG _aENG |
||
| 084 | _bCRL | ||
| 100 |
_aAcharaya, B.C. _9849022 |
||
| 245 | _aHandbook of Women human rights | ||
| 260 |
_aNew Delhi, India: _bWisdom Ben, _c2011. |
||
| 300 | _a260p. | ||
| 365 |
_b895.00 _cINR |
||
| 942 |
_2CC _cREF _n0 |
||
| 999 |
_c1464927 _d1464927 |
||